Cash pooling - moderný nástroj riadenia hotovosti

Riadenie hotovosti ako súčasť treasury managementu. Novodobá technika riadenia likvidity - cash pooling. Vymedzenie základných typov cash poolingu. Rozdiely medzi virtuálnym a fyzickým poolingom.

Guardado en:
Detalles Bibliográficos
Autor principal: Divincová, Alexandra
Formato: Capítulo de libro
Lenguaje:eslovaco
Materias:
Etiquetas: Agregar Etiqueta
Sin Etiquetas, Sea el primero en etiquetar este registro!

MARC

LEADER 00000nla a2200000 4500
001 0180430
005 20240522092632.9
041 0 |a slo 
044 |a SK 
245 1 0 |a Cash pooling - moderný nástroj riadenia hotovosti  |c Alexandra Divincová 
520 |a Riadenie hotovosti ako súčasť treasury managementu. Novodobá technika riadenia likvidity - cash pooling. Vymedzenie základných typov cash poolingu. Rozdiely medzi virtuálnym a fyzickým poolingom. 
610 2 0 |a riadenie finančné 
610 2 0 |a financie 
610 2 0 |a hotovosť 
610 2 0 |a spoločnosti nadnárodné 
610 2 0 |a spoločnosti materské 
610 2 0 |a spoločnosti dcérske 
610 2 0 |a účty bankové 
100 1 |a Divincová, Alexandra